Szczegóły MARC21

Od islamu imigrantów do islamu obywateli : muzułmanie w krajach Europy Zachodniej /

003 -Nazwa inst., której nr kontr. jest w polu 001 [,]
    • @
    • Nazwa instytucji, której n kontrolny jest w polu 001
    • NUKAT
005 -DATA I CZAS OSTATNIEJ MODYFIKACJI [,]
    • @
    • pole kontrolne
    • 20241231095630.0
020 -Międzynarod. znormalizowany nr książki - ISBN [ , ]
    • a
    • Numer ISBN
    • 9788360490280 Find
040 -Instytucja sporządzająca opis [ , ]
    • a
    • Instytucja, która sporządziła opis (NP)
    • KR U/AM
    • c
    • Instytucja, która sporządziła rekord (NP)
    • KR U/AM
    • d
    • Instytucja, która zmodyfikowała rekord (P)
    • POZN U/OBs
942 -Rodzaj dokumentu [ , ]
    • c
    • Rodzaj dokumentu
    • Książka
100 -Hasło główne - nazwa osobowa [1, ]
    • a
    • Nazwa osobowa (NP)
    • Pędziwiatr, Konrad.
    • 9
    • KHW
    • 63789
245 -Strefa tytułu i oznaczenia odpowiedzialności [1,0]
    • a
    • Tytuł
    • Od islamu imigrantów do islamu obywateli : Find
    • b
    • Ciąg dalszy tytułu (NP)
    • muzułmanie w krajach Europy Zachodniej / Find
    • c
    • Pozostałe elementy strefy tytułu i oznaczenia odpowiedzialności (NP)
    • Konrad Pędziwiatr.
250 -Strefa wydania [ , ]
    • a
    • Oznaczenie wydania (NP)
    • Wyd. 2.
260 -Strefa adresu wydawniczego [ , ]
    • a
    • Miejsce wydania (P)
    • Kraków :
    • b
    • Nazwa wydawcy (P)
    • Zakład Wydawniczy "Nomos",
    • c
    • Data wydania (P)
    • 2007.
300 -Strefa opisu fizycznego [ , ]
    • a
    • Określenie formy książki i/lub objętość (NP)
    • 263 s. :
    • b
    • Oznaczenie ilustracji (NP)
    • il. ;
    • c
    • Format (NP)
    • 21 cm.
336 -Typ zawartości [ , ]
    • a
    • Termin opisujący typ zawartości
    • Tekst
    • b
    • Kod określający zawartość
    • txt
    • 2
    • Źródło (terminu i kodu)
    • rdacontent
337 -Typ mediów [ , ]
    • a
    • Tryb odtwarzania
    • Bez urządzenia pośredniczącego
    • b
    • Kod typu mediów
    • n
    • 2
    • Źródło (terminu i kodu)
    • rdamedia
338 -Typ/rodzaj nośnika [ , ]
    • a
    • Hasło opisujące typ nośnika
    • Wolumin
    • b
    • Kod typu nośnika
    • nc
    • 2
    • Źródło (terminu i kodu)
    • rdacarrier
504 -Uwaga dot. bibliogr. załącznikowej [ , ]
    • a
    • Uwaga dot. bibliografii załącznikowej
    • Bibliogr. s. 255-263 i przy rozdz.
080 -Uniwersalna Klasyfikacja Dziesiętna [ , ]
    • 2
    • Identyfikator wydania tablic
    • UDC-P058
    • 9
    • UKD
    • 2694
    • a
    • Symbol klasyfikacji
    • 28
    • b
    • Dopowiedzenie
    • Islam.
    • 4
    • UKD2
    • 9017
    • x
    • Poddział wspólny
    • (4-15)
    • c
    • Dopowiedzenie poddz. wspólnego
    • (Europa Zachodnia).
    • 4
    • UKD2
    • 8220
    • x
    • Poddział wspólny
    • "20"
    • c
    • Dopowiedzenie poddz. wspólnego
    • Wiek XXI.
080 -Uniwersalna Klasyfikacja Dziesiętna [ , ]
    • 2
    • Identyfikator wydania tablic
    • UDC-P058
    • 9
    • UKD
    • 2509
    • a
    • Symbol klasyfikacji
    • 2-67
    • b
    • Dopowiedzenie
    • Stosunki między religiami. Separacja, współistnienie, tolerancja, dialog.
    • 4
    • UKD2
    • 9017
    • x
    • Poddział wspólny
    • (4-15)
    • c
    • Dopowiedzenie poddz. wspólnego
    • (Europa Zachodnia).
    • 4
    • UKD2
    • 8220
    • x
    • Poddział wspólny
    • "20"
    • c
    • Dopowiedzenie poddz. wspólnego
    • Wiek XXI.
080 -Uniwersalna Klasyfikacja Dziesiętna [ , ]
    • 2
    • Identyfikator wydania tablic
    • UDC-P058
    • 9
    • UKD
    • 2483
    • a
    • Symbol klasyfikacji
    • 2:316.74
    • b
    • Dopowiedzenie
    • Socjologia religii.
650 -Hasło przedmiotowe [ ,7]
    • a
    • Hasło przedmiotowe
    • Islam
    • z
    • Określnik geograficzny
    • Europa Zachodnia.
    • 2
    • Źródło terminu
    • kaba
    • 9
    • KHW
    • 380025
650 -Hasło przedmiotowe [ ,7]
    • a
    • Hasło przedmiotowe
    • Muzułmanie
    • z
    • Określnik geograficzny
    • Europa Zachodnia
    • x
    • Określnik rzeczowy
    • sytuacja społeczna.
    • 2
    • Źródło terminu
    • kaba
    • 9
    • KHW
    • 380026
650 -Hasło przedmiotowe [ ,7]
    • a
    • Hasło przedmiotowe
    • Muzułmanie
    • z
    • Określnik geograficzny
    • Europa.
    • 2
    • Źródło terminu
    • kaba
    • 9
    • KHW
    • 380024
980 -Symbol UKD [ , ]
    • a
    • UKD
    • 28:2-67](4-15)"20":2:316.74
856 -Dostęp do wersji elektronicznej [4,8]
920 -ISBN [ , ]
    • a
    • ISBN
    • 978-83-60490-28-0 Find
Data inwentaryzacji Lokalizacja Sygnatura Numer inwentarzowy Status udost.
2013-10-30BNSH.25143H.251431